000 00416nam a2200169Ia 4500
003 GCL
008 140319s9999 xx 000 0 ara d
040 _aGCL /
_cGCL
082 0 4 _a812.9
_bم م
245 1 0 _aمسرح توفيق الحكيم
300 _a192 ص
490 _a
650 0 4 _aالادب العربى
650 0 4 _aتوفيق الحكيم
650 0 4 _aالمسرح العربى
942 _2ddc
_cBK
999 _c43071
_d43071